000
00332 a2200145 4500
001
156355
020
_a
8585193042
040
_c
Escola São Tomás de Aquino
240
1
0
_a
Escola Santo Tomás de Aquino
_l
por
245
1
0
_a
Escola Santo Tomás de Aquino
300
_a
128
362
0
_a
2004
697
_a
Educação
942
_c
BK
999
_c
156355
_d
156355